[Event "Dvorkovich Memorial op"]
[Site "Taganrog"]
[Date "2015.01.18"]
[Round "1"]
[White "Kozachenko, Alexander"]
[Black "Gabrielian, Artur"]
[Result "0-1"]
[WhiteElo "2014"]
[BlackElo "2554"]
[PlyCount "48"]
[EventDate "2015.01.18"]
[EventType "swiss"]
[EventRounds "9"]
[EventCountry "RUS"]
[SourceTitle "CBM 164 Extra"]
[Source "ChessBase"]
[SourceDate "2015.03.02"]
[SourceVersion "1"]
[SourceVersionDate "2015.03.02"]
[SourceQuality "1"]

1. e4 c5 2. Nf3 e6 3. b4 b6 4. bxc5 bxc5 5. Nc3 Nc6 6. Rb1 Nf6 7. Bc4 Be7 8. 0-0 0-0 9. d3 d6 10. Bg5 h6 11. Bd2 Nd7 12. Ne2 Qc7 13. a4 Rb8 14. Rxb8 Qxb8 15. a5 Qc7 16. Qa1 a6 17. Nf4 Bf6 18. Qa4 Nde5 19. Nxe5 dxe5 20. Nh5 Bg5 21. Bxg5 hxg5 22. Ra1 Bd7 23. c3 Rb8 24. Bxa6 Nb4 0-1